The technology of refurbishment and maintenance (Record no. 115825)

MARC details
000 -LEADER
fixed length control field 00907cam a2200241 4500
001 - CONTROL NUMBER
control field L159349
008 - FIXED-LENGTH DATA ELEMENTS--GENERAL INFORMATION
fixed length control field 161010n2011 000 0 eng u
020 ## - INTERNATIONAL STANDARD BOOK NUMBER
International Standard Book Number 978230290143
035 ## - SYSTEM CONTROL NUMBER
System control number (Sirsi) u159349
041 ## - LANGUAGE CODE
Language code of text/sound track or separate title eng
050 ## - LIBRARY OF CONGRESS CALL NUMBER
Classification number 690.24
-- 18
100 ## - MAIN ENTRY--PERSONAL NAME
Personal name Riley, Mike
245 #4 - TITLE STATEMENT
Title The technology of refurbishment and maintenance
260 ## - PUBLICATION, DISTRIBUTION, ETC.
Place of publication, distribution, etc. Basingstoke
Name of publisher, distributor, etc. Palgrave Macmillan
Date of publication, distribution, etc. 2011
300 ## - PHYSICAL DESCRIPTION
Extent vii, 230p.
Other physical details ill.
Dimensions 25cm.
490 #0 - SERIES STATEMENT
Series statement Construction Technology 3
520 ## - SUMMARY, ETC.
Summary, etc. Looks at the refurbishment and maintenance of buildings, highlights common defects encountered during construction and considers the technology of maintenance and refurbishment. Identifies management issues associated with refurbishment and maintenance.
520 ## - SUMMARY, ETC.
Summary, etc. Supersedes 1 ed 1403940959
651 #4 - SUBJECT ADDED ENTRY--GEOGRAPHIC NAME
Geographic name England and Wales
Chronological subdivision 1543-
690 ## - LOCAL SUBJECT ADDED ENTRY--TOPICAL TERM (OCLC, RLIN)
Topical term or geographic name as entry element Refurbishment
9 (RLIN) 6264
700 ## - ADDED ENTRY--PERSONAL NAME
Personal name Cotgrave, Alison
942 ## - ADDED ENTRY ELEMENTS (KOHA)
Suppress in OPAC 0
Holdings
Withdrawn status Lost status Source of classification or shelving scheme Damaged status Not for loan Home library Current library Shelving location Date acquired Total Checkouts Full call number Barcode Date last seen Copy number Price effective from Koha item type
    Dewey Decimal Classification     London London Books 10/10/2016   690.21 RIL 30078318 06/08/2019 1 06/08/2019 Book